How to do everything wih Microsoft Office Project 2007 / (Record no. 1089)

MARC details
000 -LEADER
fixed length control field 00656nam a2200205 ar4500
001 - CONTROL NUMBER
control field 1090
005 - DATE AND TIME OF LATEST TRANSACTION
control field 20221127090133.0
008 - FIXED-LENGTH DATA ELEMENTS--GENERAL INFORMATION
fixed length control field 081222s xxu a 00110|eng d
020 ## - INTERNATIONAL STANDARD BOOK NUMBER
International Standard Book Number 0072263415 :
Terms of availability SR123.00
082 04 - DEWEY DECIMAL CLASSIFICATION NUMBER
Classification number 005.5
Item number M344 2007
Edition number 22
100 1# - MAIN ENTRY--PERSONAL NAME
Personal name Marmel, Elaine.
245 10 - TITLE STATEMENT
Title How to do everything wih Microsoft Office Project 2007 /
Statement of responsibility, etc. Elaine Marmel.
246 1# - VARYING FORM OF TITLE
Title proper/short title Microsoft Office Project 2007.
260 ## - PUBLICATION, DISTRIBUTION, ETC.
Place of publication, distribution, etc. New York :
Name of publisher, distributor, etc. McGraw-Hill,
Date of publication, distribution, etc. 2007.
300 ## - PHYSICAL DESCRIPTION
Extent xiv, 394 p. :
Other physical details ill. ;
Dimensions 23 cm.
500 ## - GENERAL NOTE
General note Includes index.
650 #4 - SUBJECT ADDED ENTRY--TOPICAL TERM
Topical term or geographic name entry element Microsoft Office.
650 #4 - SUBJECT ADDED ENTRY--TOPICAL TERM
Topical term or geographic name entry element Project management
General subdivision Computer programs.
650 #4 - SUBJECT ADDED ENTRY--TOPICAL TERM
Topical term or geographic name entry element Business
General subdivision Computer programs.
Holdings
Withdrawn status Lost status Source of classification or shelving scheme Damaged status Not for loan Home library Current library Date acquired Total Checkouts Full call number Barcode Date last seen Copy number Price effective from Koha item type
              11/27/2022   005.5 M344 2007 1000000011012 11/27/2022 C3 11/27/2022 Book
              11/27/2022   005.5 M344 2007 1000000006725 11/27/2022 C4 11/27/2022 Book
          CENTRAL CENTRAL 11/27/2022   005.5 M344 2007 1000000001547 11/27/2022 C1 11/27/2022 Book
          CENTRAL CENTRAL 11/27/2022   005.5 M344 2007 1000000003557 11/27/2022 C2 11/27/2022 Book